00374nam a22001337a 4500100002000000245004900020260002600069300000700095650000800102650002900110942000800139999001500147952007800162 aAmarathunga,I.M aMetal Organic Frameworks for Gas Separation  aColombobICHEMCc2016 a27 aGas ametal organic frameworks cLSR c3298d3298 0010708NFICaICbICcGENd2016-05-13l0pL026r2016-05-13 00:00:00yDIS